Statistique du mouvement de la population en Espagne (Record no. 52603)

MARC details
000 -LEADER
campo de control de longitud fija 00661nam a2200169 i 4500
001 - NÚMERO DE CONTROL
campo de control 52603
003 - IDENTIFICADOR DE NÚMERO DE CONTROL
campo de control ES-MaACL
005 - FECHA Y HORA DE LA ÚLTIMA TRANSACCIÓN
campo de control 20230906162617.0
007 - CAMPO FIJO DE DESCRIPCIÓN FÍSICA--INFORMACIÓN GENERAL
campo de control de longitud fija t|
008 - DATOS DE LONGITUD FIJA--INFORMACIÓN GENERAL
campo de control de longitud fija 030901s1877 fr ||||1| fre d
100 1# - ENTRADA PRINCIPAL--NOMBRE DE PERSONA
Nombre de persona Chervin, Arthur (
Fechas asociadas al nombre 1850-1921)
9 (RLIN) 38379
245 10 - MENCIÓN DEL TÍTULO
Título Statistique du mouvement de la population en Espagne
Resto del título : de 1865 áa 1869 suivie d'une étude sur la natalité et la mortalité dans chacune des 49 provinces du royaume /
Mención de responsabilidad, etc. par Arthur Chervin.
260 ## - PUBLICACIÓN, DISTRIBUCIÓN, ETC.
Lugar de publicación, distribución, etc. Paris :
Nombre del editor, distribuidor, etc. J.B. Baillière et Fils,
Fecha de publicación, distribución, etc. 1877.
300 ## - DESCRIPCIÓN FÍSICA
Extensión 140 p., map. pleg. ;
Dimensiones 25 cm.
650 #4 - PUNTO DE ACCESO ADICIONAL DE MATERIA--TÉRMINO DE MATERIA
Término de materia o nombre geográfico como elemento de entrada Dinámica de población-
Subdivisión geográfica España-
Subdivisión cronológica S.XIX.
9 (RLIN) 153066
852 ## - LOCALIZACIÓN
Ubicación ES-MaACL
Número de control de estantería T-250-F-1
Holdings
Estatus retirado Estado de pérdida Estado de daño No para préstamo Colección Biblioteca de origen Biblioteca actual Ubicación en estantería Fecha de adquisición Fuente de adquisición Total de préstamos Signatura topográfica completa Código de barras Visto por última vez Precio de reemplazo Tipo de ítem Koha
        Colección de folletos Biblioteca del Ateneo de Madrid Biblioteca del Ateneo de Madrid Depósito folletos 17/01/2008     T-250-F-1 1055286 23/02/2023 23/02/2023 Folleto